[Event "Reykjavik Open 2016"]
[Site "Reykjavik ISL"]
[Date "2016.03.09"]
[Round "2.2"]
[White "Andreikin, Dmitry"]
[Black "Viana, Dirceu"]
[Result "1-0"]
[WhiteTitle "GM"]
[BlackTitle "FM"]
[WhiteElo "2732"]
[BlackElo "2261"]
[WhiteFideId "4158814"]
[BlackFideId "2101360"]
[EventDate "2016.03.08"]

1. Nf3 e6 2. g3 d5 3. Bg2 c5 4. c4 Nc6 5. cxd5 exd5 6. d4 Bg4 7. Nc3 Bxf3 8.
Bxf3 cxd4 9. Nxd5 Nge7 10. e4 dxe3 11. Bxe3 Nxd5 12. Qxd5 Bb4+ 13. Ke2 Qe7 14.
Qe4 Qxe4 15. Bxe4 O-O-O 16. Rhc1 Rhe8 17. Bxc6 bxc6 18. Rxc6+ Kb7 19. Rac1 Re7
20. R6c2 Ba5 21. Rd1 Rde8 22. Rd3 Bb6 23. Rcc3 g6 24. Kf3 Rc8 25. Rxc8 Kxc8 26.
Bxb6 axb6 27. Rd6 Kc7 28. Rf6 b5 29. Kg4 b4 30. Kg5 Re2 31. Rxf7+ Kc6 32. b3
Rxa2 33. Kh6 Rb2 34. Rf3 Rc2 35. Kxh7 Rc3 36. Re3 g5 37. Kg6 Rc2 38. Kxg5 Rxf2
39. h4 Rc2 40. h5 Rc3 41. Kf4 1-0

[Event "Reykjavik Open 2016"]
[Site "Reykjavik ISL"]
[Date "2016.03.09"]
[Round "2.3"]
[White "Pogan, Nikolas"]
[Black "Rapport, Richard"]
[Result "0-1"]
[WhiteTitle "FM"]
[BlackTitle "GM"]
[WhiteElo "2285"]
[BlackElo "2720"]
[WhiteFideId "24673579"]
[BlackFideId "738590"]
[EventDate "2016.03.08"]

1. c4 f5 2. g3 Nf6 3. Bg2 e5 4. d4 e4 5. Nc3 Bb4 6. Qb3 a5 7. Bd2 Nc6 8. e3 a4
9. Nxa4 Bxd2+ 10. Kxd2 d5 11. cxd5 Na5 12. Qc2 Nxd5 13. a3 Be6 14. Ke1 O-O 15.
Bf1 f4 16. gxf4 Qh4 17. Qxe4 Nxf4 18. Nf3 Ng2+ 0-1

[Event "Reykjavik Open 2016"]
[Site "Reykjavik ISL"]
[Date "2016.03.09"]
[Round "2.4"]
[White "Sargissian, Gabriel"]
[Black "Einarsson, Halldor Gretar"]
[Result "1-0"]
[WhiteTitle "GM"]
[BlackTitle "FM"]
[WhiteElo "2702"]
[BlackElo "2245"]
[WhiteFideId "13300881"]
[BlackFideId "2300150"]
[EventDate "2016.03.08"]

1. Nf3 Nf6 2. c4 g6 3. d4 Bg7 4. g3 O-O 5. Bg2 d6 6. Nc3 c6 7. O-O Qa5 8. e4 Bg4
9. h3 Bxf3 10. Bxf3 e5 11. d5 cxd5 12. cxd5 Nbd7 13. Be3 Rfc8 14. Rc1 b5 15. a3
Nb6 16. Qe2 Nc4 17. Na2 Qa4 18. Nb4 Kf8 19. Rc3 Nxe3 20. Rxc8+ Rxc8 21. Qxe3 Rc5
22. Kg2 h5 23. Rc1 Nd7 24. Bd1 Qa5 25. Nc6 Qb6 26. Rxc5 dxc5 27. a4 a6 28. axb5
axb5 29. Qa3 Bf6 30. Qa8+ Kg7 31. Qc8 Nf8 32. h4 c4 33. b3 Qc5 34. Qb7 c3 35.
Bc2 Kg8 36. Qa7 Qxa7 37. Nxa7 Be7 38. Nxb5 Bb4 39. Kf1 Nd7 40. Ke2 Nc5 41. Na7
f5 42. Nc6 Ba3 43. b4 Nxe4 44. Bxe4 fxe4 45. Kd1 Kf8 46. Kc2 Ke8 47. Kxc3 Bc1
48. Nxe5 e3 49. fxe3 Bxe3 50. Nc4 Bf2 51. Nd6+ Kd7 52. Ne4 1-0

[Event "Reykjavik Open 2016"]
[Site "Reykjavik ISL"]
[Date "2016.03.09"]
[Round "2.5"]
[White "Kazarian, Anna-Maja"]
[Black "Cheparinov, Ivan"]
[Result "0-1"]
[WhiteTitle "FM"]
[BlackTitle "GM"]
[WhiteElo "2248"]
[BlackElo "2684"]
[WhiteFideId "1033689"]
[BlackFideId "2905540"]
[EventDate "2016.03.08"]

1. e4 c5 2. Nf3 d6 3. d4 cxd4 4. Nxd4 Nf6 5. Nc3 a6 6. g3 e5 7. Nde2 Be7 8. Bg2
O-O 9. O-O Be6 10. a4 Nbd7 11. a5 Rc8 12. Nd5 Nxd5 13. exd5 Bf5 14. c3 Rc5 15.
b4 Rc4 16. f4 Bg4 17. Bd2 exf4 18. Rxf4 Ne5 19. h3 Bd7 20. Rxc4 Nxc4 21. Nd4
Nxd2 22. Qxd2 Bg5 23. Qd3 Re8 24. Nc2 Qc8 25. Re1 Rxe1+ 26. Nxe1 Bb5 27. c4 Qxc4
28. Qxc4 Be3+ 29. Kh2 Bxc4 30. Nc2 Bd2 31. Be4 g6 32. g4 Kg7 33. Kg3 Kf6 34. Na3
Bb3 35. b5 Bxa5 36. bxa6 bxa6 37. Bd3 Bb4 38. Nc4 a5 39. Kf4 a4 40. g5+ Ke7 41.
Ne3 a3 42. Bc2 a2 0-1

[Event "Reykjavik Open 2016"]
[Site "Reykjavik ISL"]
[Date "2016.03.09"]
[Round "2.6"]
[White "Melkumyan, Hrant"]
[Black "Ragnarsson, Dagur"]
[Result "1-0"]
[WhiteTitle "GM"]
[BlackTitle "FM"]
[WhiteElo "2653"]
[BlackElo "2243"]
[WhiteFideId "13302485"]
[BlackFideId "2304058"]
[EventDate "2016.03.08"]

1. d4 f5 2. Nc3 g6 3. e4 fxe4 4. Nxe4 d5 5. Ng5 Nh6 6. Bd3 Qd6 7. N1f3 Nc6 8.
O-O Bd7 9. Re1 Bg7 10. Bb5 O-O 11. Bxc6 bxc6 12. Ne5 Bc8 13. h3 c5 14. c3 cxd4
15. cxd4 c5 16. dxc5 Qxc5 17. Ngf3 Qd6 18. Bg5 Bb7 19. Qa4 Nf7 20. Bf4 Nxe5 21.
Bxe5 Bxe5 22. Nxe5 d4 23. Rad1 Rad8 24. Qxa7 Qd5 25. f3 Rd6 26. Qa3 Ra8 27. Qb4
Rxa2 28. Nc4 Rf6 29. Rxe7 Ba6 30. Ne5 Qb5 31. Qxd4 Rxb2 32. Ng4 Rf7 1-0

[Event "Reykjavik Open 2016"]
[Site "Reykjavik ISL"]
[Date "2016.03.09"]
[Round "2.7"]
[White "Haugli, Petter"]
[Black "Movsesian, Sergei"]
[Result "0-1"]
[WhiteTitle "IM"]
[BlackTitle "GM"]
[WhiteElo "2244"]
[BlackElo "2653"]
[WhiteFideId "1500104"]
[BlackFideId "310204"]
[EventDate "2016.03.08"]

1. c4 e5 2. Nc3 Nc6 3. Nf3 Bc5 4. e3 d6 5. d4 exd4 6. exd4 Bb6 7. Be2 Bg4 8. O-O
Nge7 9. d5 Bxf3 10. Bxf3 Ne5 11. Qa4+ c6 12. Be2 O-O 13. dxc6 bxc6 14. Bf4 N5g6
15. Bg5 Qc7 16. Qc2 h6 17. Bd2 Nh4 18. Na4 Bd4 19. Bc3 c5 20. Bxd4 Qc6 21. f3
cxd4 22. Bd3 Qd7 23. Rfe1 Nef5 24. Bxf5 Nxf5 25. b3 Ne3 26. Qd2 Rae8 27. Rac1
Re5 28. c5 dxc5 29. Nxc5 Qd8 30. Ne4 Rfe8 31. Rc6 Qh4 32. Qf2 Qe7 33. Rec1 f5
34. Rc7 Qf8 35. Nc5 R5e7 36. Rxe7 Qxe7 37. Nd3 Qf6 38. Qg3 Qa6 39. Nf2 d3 40.
Ra1 d2 0-1

[Event "Reykjavik Open 2016"]
[Site "Reykjavik ISL"]
[Date "2016.03.09"]
[Round "2.8"]
[White "Lind, Jan-Olov"]
[Black "Jones, Gawain C B"]
[Result "0-1"]
[BlackTitle "GM"]
[WhiteElo "2234"]
[BlackElo "2645"]
[WhiteFideId "1701193"]
[BlackFideId "409561"]
[EventDate "2016.03.08"]

1. e4 c5 2. Nf3 Nc6 3. d3 g6 4. g3 Bg7 5. Bg2 e5 6. O-O Nge7 7. c3 O-O 8. a3 d6
9. b4 a6 10. Nbd2 h6 11. Rb1 Be6 12. Bb2 b5 13. Re1 Qb6 14. Nb3 c4 15. dxc4 bxc4
16. Nbd2 f5 17. Qe2 fxe4 18. Nxe4 d5 19. Nc5 Bf5 20. Rbd1 Bd3 21. Qd2 e4 22. Nd4
Nxd4 23. cxd4 Nf5 24. Nd7 Qa7 25. Nxf8 Rxf8 26. Bc3 Nxd4 27. Qa2 Nc2 28. Rxd3
Qxf2+ 29. Kh1 Nxe1 30. Qxf2 Rxf2 31. Bxe1 cxd3 32. Bxf2 d2 0-1

[Event "Reykjavik Open 2016"]
[Site "Reykjavik ISL"]
[Date "2016.03.09"]
[Round "2.9"]
[White "Gupta, Abhijeet"]
[Black "Lasinskas, Povilas"]
[Result "1-0"]
[WhiteTitle "GM"]
[BlackTitle "FM"]
[WhiteElo "2634"]
[BlackElo "2229"]
[WhiteFideId "5010608"]
[BlackFideId "12800503"]
[EventDate "2016.03.08"]

1. Nf3 Nf6 2. c4 e6 3. g3 d5 4. Bg2 Be7 5. O-O O-O 6. d4 b6 7. cxd5 exd5 8. Nc3
Bb7 9. Bf4 Na6 10. Rc1 c5 11. dxc5 Nxc5 12. Be5 Re8 13. Nb5 Ng4 14. Bf4 Ne6 15.
h3 Nf6 16. Nc7 Nxc7 17. Rxc7 Ba6 18. Nd4 Bd6 19. Bxd6 Qxd6 20. Rc1 Qb4 21. Rc2
Rac8 22. a3 Qe7 23. Rxc8 Rxc8 24. Qd2 Qe5 25. Rd1 g6 26. Qf4 Qxf4 27. gxf4 Kf8
28. f3 Ke7 29. Kf2 Nh5 30. f5 Kf6 31. e3 g5 32. h4 gxh4 33. Rh1 Ng7 34. Rxh4 h5
35. Rh1 Rc7 36. e4 dxe4 37. fxe4 Ke5 38. Ke3 Kd6 39. Rd1 Ke7 40. e5 Ne8 41. f6+
Nxf6 42. exf6+ Kxf6 43. Nc6 Bc4 44. Rd6+ Kg5 45. Bd5 Bxd5 46. Rxd5+ f5 47. Nd4
Rf7 48. Nf3+ Kf6 49. Rd6+ Kg7 50. Kf4 Rc7 51. Nd4 Rc4 52. Kxf5 Rc5+ 53. Kf4 Ra5
54. Nf5+ Kf7 55. Kg5 Rb5 56. b4 a5 57. Rf6+ Kg8 58. Kg6 axb4 59. Nh6+ 1-0

[Event "Reykjavik Open 2016"]
[Site "Reykjavik ISL"]
[Date "2016.03.09"]
[Round "2.10"]
[White "Agdestein, Simen"]
[Black "Edvardsson, Kristjan"]
[Result "1-0"]
[WhiteTitle "GM"]
[WhiteElo "2610"]
[BlackElo "2228"]
[WhiteFideId "1500015"]
[BlackFideId "2300893"]
[EventDate "2016.03.08"]

1. c4 c6 2. d4 d5 3. Nc3 Nf6 4. e3 g6 5. Nf3 Bg7 6. Bd3 O-O 7. O-O a6 8. Bd2 b5
9. cxd5 cxd5 10. Rc1 Bg4 11. Qb3 Bxf3 12. gxf3 Qd6 13. Ne2 Nc6 14. Rc5 Rfb8 15.
Rfc1 Nd8 16. Nf4 e5 17. dxe5 Qxe5 18. Nxd5 Qg5+ 19. Kf1 Qh4 20. Nxf6+ Bxf6 21.
Be4 Ne6 22. Bxa8 Nxc5 23. Rxc5 Rxa8 24. Rc7 Be7 25. Bc3 Rd8 26. Ke2 Rf8 27. Ra7
b4 28. Bd4 a5 29. Qd5 Bf6 30. Bc5 Rd8 31. Qxf7+ Kh8 32. Rd7 Rc8 33. Re7 Bxe7 34.
Bd4+ Qxd4 35. exd4 Bf8 36. d5 Bg7 37. d6 Rf8 38. Qe7 1-0

[Event "Reykjavik Open 2016"]
[Site "Reykjavik ISL"]
[Date "2016.03.09"]
[Round "2.11"]
[White "Marin, Mihail"]
[Black "Haessel, Dale R."]
[Result "1/2-1/2"]
[WhiteTitle "GM"]
[BlackTitle "FM"]
[WhiteElo "2597"]
[BlackElo "2212"]
[WhiteFideId "1200020"]
[BlackFideId "2012618"]
[EventDate "2016.03.08"]

1. Nf3 Nf6 2. g3 c5 3. Bg2 g6 4. b3 Bg7 5. Bb2 Nc6 6. c4 O-O 7. O-O b6 8. d4
cxd4 9. Nxd4 Bb7 10. Nc3 a6 11. Rc1 Rb8 12. Nc2 Na7 13. Nd5 Nxd5 14. Bxg7 Kxg7
15. cxd5 e6 16. Qd4+ Qf6 17. Qxb6 Nb5 18. Qe3 Nc3 19. dxe6 dxe6 20. Bxb7 Rxb7
21. Nb4 Rc8 22. Nxa6 Rb5 23. Kg2 Rc6 24. b4 Rxa6 25. Rxc3 Rxa2 26. Rc4 Qb2 27.
Re4 Rxb4 28. Rxb4 Qxb4 29. Qe5+ Kg8 30. Rd1 Rd2 31. Rxd2 1/2-1/2

[Event "Reykjavik Open 2016"]
[Site "Reykjavik ISL"]
[Date "2016.03.09"]
[Round "2.12"]
[White "Wahlbom, Magnus"]
[Black "Grigoriants, Sergey"]
[Result "1/2-1/2"]
[BlackTitle "GM"]
[WhiteElo "2229"]
[BlackElo "2587"]
[WhiteFideId "1700685"]
[BlackFideId "4130804"]
[EventDate "2016.03.08"]

1. e4 c5 2. Nf3 e6 3. d4 cxd4 4. Nxd4 Nf6 5. Nc3 d6 6. Be2 Be7 7. O-O O-O 8. f4
a6 9. Be3 Qc7 10. Kh1 b5 11. a3 Bb7 12. Bd3 Nbd7 13. Qf3 Nb6 14. Qh3 Nc4 15. Bc1
Qc5 16. Nde2 e5 17. b3 Nb6 18. Bb2 Qc8 19. f5 Bc6 20. Ng3 Qb7 21. Rae1 Rfe8 22.
Nh5 Nbd7 23. Bc1 Nxh5 24. Qxh5 Nf6 25. Qh3 a5 26. Bg5 b4 27. axb4 axb4 28. Bxf6
Bxf6 29. Nd5 Bxd5 30. exd5 Ra5 31. Bc4 e4 32. Qg4 Qe7 33. Bd3 e3 34. Qxb4 Rxd5
35. Re2 Re5 36. g3 Qc7 37. Kg1 h6 38. h4 d5 39. Kg2 d4 40. Kh3 Rc5 41. Ra1 Rc8
42. Qe1 Be5 43. Qg1 Ra5 44. Rxa5 Qxa5 45. Qg2 1/2-1/2

[Event "Reykjavik Open 2016"]
[Site "Reykjavik ISL"]
[Date "2016.03.09"]
[Round "2.13"]
[White "Dvirnyy, Danyyil"]
[Black "Johannsson, Orn Leo"]
[Result "0-1"]
[WhiteTitle "GM"]
[WhiteElo "2572"]
[BlackElo "2194"]
[WhiteFideId "817570"]
[BlackFideId "2303051"]
[EventDate "2016.03.08"]

1. e4 e6 2. d4 d5 3. Nc3 dxe4 4. Nxe4 Nd7 5. Nf3 Ngf6 6. Nxf6+ Nxf6 7. Bc4 Be7
8. Qe2 O-O 9. Bg5 b6 10. O-O-O Bb7 11. Kb1 a6 12. Rhg1 b5 13. Bd3 Nd5 14. Bd2
Nb4 15. Bxb4 Bxb4 16. Ne5 Qe7 17. g4 Bd6 18. g5 Bxe5 19. dxe5 Rfd8 20. Rg4 c5
21. Rdg1 g6 22. c3 Rd7 23. Bc2 Rad8 24. h4 c4 25. h5 Qc5 26. Rf4 Rd2 27. Qe1 b4
28. cxb4 Qxb4 29. a3 Qb5 30. Rg3 c3 31. Rxc3 Re2 32. Qc1 Qxe5 33. Re3 Rxe3 34.
fxe3 Qxg5 35. Qf1 Rd7 36. Ba4 Rc7 37. Bb3 Qxh5 38. e4 Qe5 39. Bc2 Kg7 40. a4 f5
41. exf5 exf5 42. Rb4 Re7 43. Ka2 Bd5+ 44. Bb3 Qe1 45. Qf4 Bxb3+ 46. Rxb3 Qe4
47. Qb8 Qxa4+ 48. Ra3 Qc4+ 49. Rb3 a5 50. Qd8 Rb7 0-1

[Event "Reykjavik Open 2016"]
[Site "Reykjavik ISL"]
[Date "2016.03.09"]
[Round "2.14"]
[White "Mueer, Sebastian"]
[Black "Gretarsson, Hjorvar Steinn"]
[Result "0-1"]
[BlackTitle "GM"]
[WhiteElo "2228"]
[BlackElo "2572"]
[WhiteFideId "24622001"]
[BlackFideId "2302241"]
[EventDate "2016.03.08"]

1. Nf3 Nf6 2. c4 b6 3. Nc3 Bb7 4. d4 e6 5. a3 d5 6. cxd5 exd5 7. g3 a6 8. Bg2
Bd6 9. Ne5 Nbd7 10. Nc4 Be7 11. Ne3 c6 12. Nf5 O-O 13. O-O Re8 14. Bf4 Nf8 15.
h3 Ne6 16. Be5 Bf8 17. Qd2 Nd7 18. Bd6 Qf6 19. g4 Nxd4 20. Nxd4 Bxd6 21. Nf5 Nc5
22. Rad1 Bc7 23. Qc2 g6 24. Nd4 Rad8 25. e3 h5 26. b4 Ne4 27. gxh5 gxh5 28. Nxe4
dxe4 29. Bxe4 Qe5 30. f3 Kh8 31. Kh1 Rg8 32. f4 Qf6 33. Nf5 Rd5 34. Rxd5 cxd5
35. Qe2 Qg6 36. Qb2+ f6 37. Bb1 d4+ 38. Kh2 dxe3 39. Qe2 Bxf4+ 0-1

[Event "Reykjavik Open 2016"]
[Site "Reykjavik ISL"]
[Date "2016.03.09"]
[Round "2.15"]
[White "Brunello, Sabino"]
[Black "Schou-Moldt, Thomas"]
[Result "1-0"]
[WhiteTitle "GM"]
[WhiteElo "2567"]
[BlackElo "2186"]
[WhiteFideId "813613"]
[BlackFideId "1401297"]
[EventDate "2016.03.08"]

1. d4 d5 2. c4 c6 3. Nf3 Nf6 4. e3 Bf5 5. Nc3 a6 6. Be2 h6 7. Bd3 Bxd3 8. Qxd3
e6 9. O-O Bb4 10. Bd2 Bxc3 11. Bxc3 O-O 12. a4 Nbd7 13. Rfd1 Re8 14. b3 Ne4 15.
Bb2 Qf6 16. Qe2 Qg6 17. Ne1 f5 18. Nd3 Qf7 19. Rac1 Rad8 20. Qe1 g5 21. f3 Nef6
22. Qb4 Nf8 23. Ne5 Qg7 24. Bc3 Kh7 25. Be1 Ng6 26. Nxg6 Kxg6 27. Bg3 Rd7 28.
Be5 Qf7 29. Qd2 Kh7 30. c5 Qg6 31. b4 Rg8 32. b5 axb5 33. axb5 Qf7 34. Ra1 g4
35. Kh1 Nh5 36. fxg4 Rxg4 37. bxc6 bxc6 38. Ra6 Nf6 39. Rxc6 Ne4 40. Qb2 Qh5 41.
Ra1 f4 42. exf4 Rh4 43. h3 Qf5 44. Ra3 Rxf4 45. Bxf4 Qxf4 46. Rf3 Qh4 47. Rxe6
Rg7 48. Re5 1-0

[Event "Reykjavik Open 2016"]
[Site "Reykjavik ISL"]
[Date "2016.03.09"]
[Round "2.16"]
[White "Ptacnikova, Lenka"]
[Black "Ramirez, Alejandro"]
[Result "0-1"]
[WhiteTitle "WGM"]
[BlackTitle "GM"]
[WhiteElo "2192"]
[BlackElo "2564"]
[WhiteFideId "305650"]
[BlackFideId "6500617"]
[EventDate "2016.03.08"]

1. c4 b6 2. d4 Bb7 3. Nc3 Nf6 4. f3 d5 5. cxd5 Nxd5 6. e4 Nxc3 7. bxc3 e5 8.
Bb5+ Nd7 9. Ne2 a6 10. Ba4 b5 11. Bc2 c5 12. O-O Bd6 13. f4 cxd4 14. cxd4 exd4
15. Nxd4 Bc5 16. Kh1 Nf6 17. Bb2 O-O 18. Re1 Qb6 19. Nf5 Rfd8 20. Qf3 Rd2 21.
Rac1 Rf2 22. Qg3 Nh5 23. Qc3 Rc8 24. Bb3 Qg6 25. Qh3 Bf8 26. Bd4 Rxc1 27. Rxc1
Nxf4 28. Qg3 Rxg2 29. Qxf4 Re2 30. Rg1 Bxe4+ 31. Qxe4 Rxe4 0-1

[Event "Reykjavik Open 2016"]
[Site "Reykjavik ISL"]
[Date "2016.03.09"]
[Round "2.17"]
[White "Tari, Aryan"]
[Black "Bjornsson, Tomas"]
[Result "1-0"]
[WhiteTitle "IM"]
[BlackTitle "FM"]
[WhiteElo "2553"]
[BlackElo "2175"]
[WhiteFideId "1510045"]
[BlackFideId "2300303"]
[EventDate "2016.03.08"]

1. e4 c5 2. Nf3 e6 3. d4 cxd4 4. Nxd4 a6 5. c4 Nf6 6. Nc3 Qc7 7. a3 b6 8. Be3 d6
9. Be2 Bb7 10. f3 Nbd7 11. O-O Be7 12. Qd2 O-O 13. Rfc1 Rfd8 14. a4 a5 15. Ndb5
Qb8 16. Re1 Nc5 17. Rad1 Nb3 18. Qc2 Nc5 19. Bf1 Bc6 20. Qf2 Rd7 21. g4 Rd8 22.
Bf4 e5 23. Be3 Qb7 24. h4 Bxb5 25. axb5 h5 26. g5 Nfd7 27. Nd5 Nf8 28. f4 exf4
29. Qxf4 Nfe6 30. Qf3 g6 31. Bg2 Rac8 32. Rf1 Rf8 33. Qg3 Qa7 34. b4 axb4 35.
Ra1 Qd7 36. Nxb6 Qd8 37. Nxc8 Qxc8 38. Ra7 Nd7 39. Qe1 b3 40. Qc3 Bd8 41. Qxb3
Bb6 42. Bxb6 Nxb6 43. Qf3 Nd4 44. Qf6 Ne2+ 45. Kh2 Qxc4 46. Qxd6 Nc8 47. Qc7 Qe6
48. Rf6 Qg4 49. Rxf7 Qxh4+ 50. Bh3 1-0

[Event "Reykjavik Open 2016"]
[Site "Reykjavik ISL"]
[Date "2016.03.09"]
[Round "2.18"]
[White "Haynes, Nicolas"]
[Black "Rambaldi, Francesco"]
[Result "0-1"]
[BlackTitle "GM"]
[WhiteElo "2182"]
[BlackElo "2541"]
[WhiteFideId "2607271"]
[BlackFideId "20657307"]
[EventDate "2016.03.08"]

1. Nf3 d5 2. g3 g6 3. Bg2 Bg7 4. O-O e5 5. d3 Ne7 6. c4 c6 7. Qb3 O-O 8. Nc3 d4
9. Ne4 b6 10. e3 dxe3 11. fxe3 c5 12. Bd2 Nbc6 13. Rad1 Rb8 14. Rfe1 h6 15. Bc3
Be6 16. Qc2 Rb7 17. a3 a5 18. b3 Rd7 19. Nf2 Qc7 20. Rb1 Rfd8 21. Bf1 Nf5 22. e4
Nfd4 23. Nxd4 Nxd4 24. Bxd4 Rxd4 25. Nd1 h5 26. Nc3 Qe7 27. Nd5 Bxd5 28. cxd5 h4
29. Qf2 hxg3 30. hxg3 Bh6 31. Be2 Rf8 32. Rbd1 f5 33. Bf3 f4 34. g4 Bg5 35. Qc2
Bh4 36. Re2 Bg3 37. Rc1 Kg7 38. Rg2 Rh8 39. Kf1 c4 40. bxc4 Qxa3 41. Rd1 Rh3 42.
Ke2 Bh4 43. Qd2 Be7 44. Rf2 Bc5 45. g5 Qa4 46. Rh1 Rxh1 47. Bxh1 b5 48. cxb5 Rb4
49. Rf1 Qxb5 50. Qc3 Rb2+ 51. Kf3 Bd6 52. Rd1 Rb3 53. Qc2 a4 54. Qc8 Rxd3+ 55.
Rxd3 Qxd3+ 56. Kf2 Bc5+ 57. Qxc5 Qe3+ 58. Qxe3 fxe3+ 0-1

[Event "Reykjavik Open 2016"]
[Site "Reykjavik ISL"]
[Date "2016.03.09"]
[Round "2.19"]
[White "Bromberger, Stefan"]
[Black "Ingvason, Johann"]
[Result "1-0"]
[WhiteTitle "GM"]
[WhiteElo "2532"]
[BlackElo "2171"]
[WhiteFideId "4635248"]
[BlackFideId "2301431"]
[EventDate "2016.03.08"]

1. e4 e5 2. Nf3 Nc6 3. Bb5 Nf6 4. O-O Nxe4 5. d4 Be7 6. dxe5 O-O 7. Re1 d5 8.
exd6 Nxd6 9. Bxc6 bxc6 10. Ne5 Bf6 11. Bf4 Bxe5 12. Bxe5 Rb8 13. b3 Re8 14. Nc3
Re6 15. Qd4 Qe7 16. f3 Nb5 17. Nxb5 Rxb5 18. Bg3 c5 19. Qd3 Rb8 20. Rad1 Rxe1+
21. Rxe1 Be6 22. Qa6 Qd8 23. h4 h6 24. Qc6 c4 25. Rxe6 cxb3 26. Re1 bxa2 27. Kh2
Qd4 28. Qxc7 Rb6 29. Qc8+ Kh7 30. Qf5+ Rg6 31. h5 a1=Q 32. Rxa1 Qxa1 33. hxg6+
fxg6 34. Qe6 g5 35. c4 Qc3 36. Qf5+ Kg8 37. c5 a5 38. Qe6+ Kh7 39. c6 1-0

[Event "Reykjavik Open 2016"]
[Site "Reykjavik ISL"]
[Date "2016.03.09"]
[Round "2.20"]
[White "Adocchio, Giampiero"]
[Black "Shabalov, Alexander"]
[Result "0-1"]
[BlackTitle "GM"]
[WhiteElo "2174"]
[BlackElo "2520"]
[WhiteFideId "4666011"]
[BlackFideId "2008572"]
[EventDate "2016.03.08"]

1. e4 Nf6 2. e5 Nd5 3. c4 Nb6 4. d4 d6 5. exd6 cxd6 6. Nc3 g6 7. a4 Bg7 8. a5
N6d7 9. Ra3 O-O 10. Nf3 Nc6 11. d5 Nb4 12. Qa4 Na6 13. b4 e6 14. Bg5 Nf6 15. Be2
Bd7 16. b5 h6 17. Bh4 exd5 18. Nxd5 g5 19. Qd1 Nxd5 20. cxd5 Nc7 21. Bg3 Nxb5 0-1

[Event "Reykjavik Open 2016"]
[Site "Reykjavik ISL"]
[Date "2016.03.09"]
[Round "2.21"]
[White "Di Berardino, Diego Rafael"]
[Black "Barthel, Ansgar"]
[Result "1-0"]
[WhiteTitle "IM"]
[WhiteElo "2511"]
[BlackElo "2166"]
[WhiteFideId "2105446"]
[BlackFideId "4643461"]
[EventDate "2016.03.08"]

1. e4 Nf6 2. e5 Nd5 3. d4 d6 4. Nf3 dxe5 5. Nxe5 c6 6. Bd3 g6 7. O-O Bg7 8. Re1
O-O 9. c3 Nd7 10. Nf3 c5 11. Qb3 e6 12. Na3 cxd4 13. cxd4 N7b6 14. Bg5 f6 15.
Bd2 Bd7 16. Nb5 Qe7 17. a4 a6 18. Nc3 Bc6 19. a5 Nc8 20. Ne4 Re8 21. Nc5 Qf7 22.
Rac1 Na7 23. h4 Rad8 24. Qc2 Bf8 25. Be4 Nb5 26. Nxa6 Rc8 27. Nc5 Bd6 28. Qb3
Kg7 29. Bd3 Na7 30. Ne4 Bb8 31. Bc4 h6 32. Nc5 Rcd8 33. Re2 Bd6 34. Ne4 Bb8 35.
Rce1 Re7 36. g3 Nc8 37. Bb4 Nxb4 38. Qxb4 Nd6 39. Nxd6 Bxd6 40. Qb3 Bd5 41. Bxd5
exd5 42. Rxe7 Bxe7 43. Qxb7 1-0

[Event "Reykjavik Open 2016"]
[Site "Reykjavik ISL"]
[Date "2016.03.09"]
[Round "2.22"]
[White "Dougherty, Michael"]
[Black "Ly, Moulthun"]
[Result "1/2-1/2"]
[WhiteTitle "FM"]
[BlackTitle "IM"]
[WhiteElo "2169"]
[BlackElo "2500"]
[WhiteFideId "2601559"]
[BlackFideId "3204405"]
[EventDate "2016.03.08"]

1. d4 Nf6 2. Nf3 d5 3. c4 e6 4. Nc3 Bb4 5. e3 O-O 6. a3 Bxc3+ 7. bxc3 dxc4 8.
Bxc4 c5 9. O-O Qc7 10. Bd3 Nc6 11. e4 e5 12. d5 Na5 13. Nd2 Ne8 14. f4 f6 15. c4
exf4 16. Nb3 Nxb3 17. Qxb3 f3 18. Rxf3 Qe7 19. Bb2 Nd6 20. e5 fxe5 21. Rxf8+
Qxf8 22. Bxe5 Qe7 23. Re1 b6 24. Qb1 Bd7 25. Bxh7+ Kh8 26. Qg6 Re8 27. Bc3 Qf8
28. Rf1 Qe7 29. Re1 Qf8 30. Rf1 Qe7 31. Re1 1/2-1/2

[Event "Reykjavik Open 2016"]
[Site "Reykjavik ISL"]
[Date "2016.03.09"]
[Round "2.23"]
[White "Danielsen, Henrik"]
[Black "Karlsson, Mikael Johann"]
[Result "1-0"]
[WhiteTitle "GM"]
[WhiteElo "2488"]
[BlackElo "2164"]
[WhiteFideId "1400185"]
[BlackFideId "2305194"]
[EventDate "2016.03.08"]

1. e4 c5 2. g3 g6 3. Bg2 Bg7 4. Nf3 Nc6 5. O-O d6 6. Nc3 Bg4 7. h3 Bxf3 8. Bxf3
e6 9. Bg2 Nge7 10. Ne2 O-O 11. c3 d5 12. d3 Rc8 13. Nf4 Qd7 14. exd5 exd5 15.
Bd2 b6 16. Re1 d4 17. c4 Ne5 18. Qc2 a5 19. Re2 f6 20. Rae1 Rfe8 21. Kh2 Bh6 22.
Nd5 Nxd5 23. Bxd5+ Kg7 24. Bxh6+ Kxh6 25. f4 Nc6 26. Be6 Rxe6 27. Rxe6 Ne5 28.
R6xe5 fxe5 29. Rxe5 Re8 30. Qe2 Rxe5 31. Qxe5 Qb7 32. Qf6 Qa8 33. Qe7 Qb8 34. a4
Qc8 35. g4 Qb8 36. g5+ 1-0

[Event "Reykjavik Open 2016"]
[Site "Reykjavik ISL"]
[Date "2016.03.09"]
[Round "2.24"]
[White "Viglundsson, Bjorgvin"]
[Black "Andersen, Mads"]
[Result "0-1"]
[BlackTitle "IM"]
[WhiteElo "2164"]
[BlackElo "2479"]
[WhiteFideId "2300400"]
[BlackFideId "1413864"]
[EventDate "2016.03.08"]

1. d4 Nf6 2. c4 g6 3. Nc3 Bg7 4. e4 d6 5. Nf3 O-O 6. Be2 e5 7. O-O Nc6 8. d5 Ne7
9. b4 a5 10. Ba3 axb4 11. Bxb4 b6 12. a4 Re8 13. a5 c5 14. dxc6 Nxc6 15. Bxd6
Rxa5 16. Rxa5 Nxa5 17. Bxe5 Qxd1 18. Rxd1 Nxe4 19. Bxg7 Kxg7 20. Nd5 Bb7 21. Bf1
Bxd5 22. cxd5 Nb7 23. Rd4 Nf6 24. d6 Rd8 25. Ba6 Nxd6 26. g3 Nfe8 27. Ne5 Ra8
28. Be2 Ra5 29. f4 Ra2 30. Kf2 Nb5 31. Rd8 Nf6 32. Ke3 Ra3+ 33. Bd3 Nc7 34. Rb8
Nfd5+ 35. Ke4 f6 36. Nc6 Rc3 37. Nd8 Nb4 38. Rb7 Kg8 39. Bf1 Nc2 40. Bd3 f5+ 41.
Ke5 Rxd3 42. Rxc7 Rxd8 43. Rxc2 b5 44. Rb2 Rb8 45. Kd6 Kf7 46. Kc7 Re8 47. Rxb5
Re2 48. h3 Re3 49. g4 Rxh3 50. gxf5 Rf3 51. fxg6+ hxg6 52. Rb4 Ke6 53. Kc6 Kf5
54. Kd5 Rxf4 55. Rb8 g5 56. Rf8+ Kg4 57. Rg8 Kh4 58. Ke5 Rf7 59. Ke4 g4 60. Ke3
Kh3 61. Ke2 g3 62. Rh8+ Kg2 63. Rg8 Re7+ 64. Kd2 Kf2 65. Rf8+ Kg1 66. Rg8 g2 67.
Rg6 Rh7 0-1